书目信息 |
| 题名: |
流域水文过程数值解析
|
|
| 作者: | 黄金柏 , 温佳伟 , 王斌 著 | |
| 分册: | ||
| 出版信息: | 北京 中国水利水电出版社 2013 |
|
| 页数: | 160页 | |
| 开本: | 25cm | |
| 丛书名: | ||
| 单 册: | ||
| 中图分类: | P339 | |
| 科图分类: | ||
| 主题词: | 流域 , 陆面过程 , 水文计算 , 数值分析 | |
| 电子资源: | ||
| ISBN: | 978-7-5170-0726-5 | |
| 000 | 01246nam0 2200313 450 | |
| 001 | 012015000700 | |
| 005 | 20150914155206.70 | |
| 010 | @a978-7-5170-0726-5@dCNY29.00 | |
| 100 | @a20130614d2013 em y0chiy50 ea | |
| 101 | 0 | @achi |
| 102 | @aCN@b110000 | |
| 105 | @aa z 000yy | |
| 106 | @ar | |
| 200 | 1 | @a流域水文过程数值解析@Aliu yu shui wen guo cheng shu zhi jie xi@e以黄土高原北部六道沟流域为例@f黄金柏,温佳伟,王斌著 |
| 210 | @a北京@c中国水利水电出版社@d2013 | |
| 215 | @a160页@c图@d25cm | |
| 330 | @a本书以黄土高原北部的六道沟流域为研究区,从揭示流域水文过程的角度出发,基于观测的水文、气象数据以及模型计算结果,以数值解析的方法对试验流域的降雨特征、产流机制、径流特点及径流系数,蒸散发与水分有效性的季节性变化,地下水变动特点及作物根系吸水特性,年水平衡及月水收支,淤地坝对水文过程的影响等一系列水文要素及水文过程进行了研究。 | |
| 606 | 0 | @a流域 |
| 606 | 0 | @a陆面过程 |
| 606 | 0 | @a水文计算 |
| 606 | 0 | @a数值分析 |
| 607 | @a黄土高原@x流域@x陆面过程@x水文计算@x数值分析@y神木县 | |
| 607 | @a黄土高原 | |
| 690 | @aP339@v5 | |
| 701 | 0 | @a黄金柏@Ahuang jin bai@4著 |
| 701 | 0 | @a温佳伟@Awen jia wei@4著 |
| 701 | 0 | @a王斌@Awang bin@c(水电工程)@4著 |
| 801 | 0 | @aCN@b碧洲教育@c20150718 |
| 905 | @a10447@f4@dP339@e114 | |
| 流域水文过程数值解析:以黄土高原北部六道沟流域为例/黄金柏,温佳伟,王斌著.-北京:中国水利水电出版社,2013 |
| 160页:图;25cm |
| ISBN 978-7-5170-0726-5:CNY29.00 |
| 本书以黄土高原北部的六道沟流域为研究区,从揭示流域水文过程的角度出发,基于观测的水文、气象数据以及模型计算结果,以数值解析的方法对试验流域的降雨特征、产流机制、径流特点及径流系数,蒸散发与水分有效性的季节性变化,地下水变动特点及作物根系吸水特性,年水平衡及月水收支,淤地坝对水文过程的影响等一系列水文要素及水文过程进行了研究。 |
| ● |
| 相关链接 |
|
|
|
|
正题名:流域水文过程数值解析
索取号:P339/114
 
预约/预借
| 序号 | 登录号 | 条形码 | 馆藏地/架位号 | 状态 | 备注 |
| 1 | 0848381 | 208483817 | 第二样本阅览室/ [索取号:P339/114] | 在馆 | |
| 2 | 0848382 | 208483826 | 第三借阅区/ [索取号:P339/114] | 在馆 | |
| 3 | 0848383 | 208483835 | 第三借阅区/ [索取号:P339/114] | 在馆 | |
| 4 | 0848384 | 208483844 | 第三借阅区/ [索取号:P339/114] | 在馆 |